EURES - Európske služby zamestnanosti bakalárska práca

Enregistré dans:
Détails bibliographiques
Auteur principal: Mikulová, Ľubica
Collectivité auteur: Národohospodárska fakulta EU. Katedra sociálneho rozvoja a práce
Autres auteurs: Katuščák, Boris
Format: Livre
Langue:slovaque
Publié: Bratislava 2009
Tags: Ajouter un tag
Pas de tags, Soyez le premier à ajouter un tag!

MARC

LEADER 00000nam$a2200000$$$4500
001 0100873
005 20240318140502.1
041 0 |a slo 
044 |a SK 
245 1 0 |a EURES - Európske služby zamestnanosti  |b bakalárska práca  |c Ľubica Mikulová ; škol. Boris Katuščák 
264 1 |a Bratislava  |c 2009 
300 |a 49 s. 
100 1 |a Mikulová, Ľubica 
700 1 |a Katuščák, Boris 
710 2 |a Národohospodárska fakulta EU. Katedra sociálneho rozvoja a práce